000 01169pab a2200181 454500
008 180718b2000 xxu||||| |||| 00| 0 eng d
100 _aMohanty, Deepak
245 _aMeasure of core inflation for India
260 _c2000
300 _ap.273-82
362 _a29 Jan
520 _aIn view of increasing emphasis on `price stability' in the formulation of monetary policy and sharp volatility in the WPI headline inflation rate, there has been a need for measures of underlying inflation rates for India as the existing measures do not provide a reliable gauge of inflation at any point of time. Against this background, this paper makes a comprehensive attempt at providing alternate estimates of core inflation for India following the principle of exclusion and limited influence estimators of trimmed mean as well as weighted median. The monthly estimates for the 16-year period from April 1983 to March 1999 reveal that 20 per cent trimmed mean WPI provides a better explanation of inflation dynamics. - Reproduced
650 _aInflation
700 _aRamaiah, M.
700 _aRath, Deba Prasad
773 _aEconomic and Political Weekly
909 _a43869
999 _c43869
_d43869